Italian Phrases Quiz - Statistics

General Stats
  • This quiz has been taken 65 times
  • The average score is 6 of 15
Answer Stats
Italian English translation % Correct
Di dove sei? Where are you from?
70%
Aiuto! Help!
60%
Quanti anni hai? How old are you?
60%
Dov'è il Colosseo? Where is the Colosseum?
53%
Quanto costa la lasagna? How much is the lasagna?
51%
Come ti chiami? What's your name?
51%
Sto aspettando il treno I'm waiting for the train
45%
Vuoi un po' di spaghetti? Do you want some spaghetti?
43%
Passami l'acqua per favore Pass me the water please
43%
Metti la pizza in forno Put the pizza in the oven
36%
Sono incinta I'm pregnant
32%
Vorrei un gelato, grazie I would like an ice cream, thank you
28%
Che squadra di calcio tifi? Which soccer team do you support?
19%
Il museo sta per chiudere, fai in fretta The museum is about to close, hurry up
13%
Mamma mia, ma che capolavoro! Mamma mia, what a masterpiece!
6%
No matching quizzes found
Score Distribution
Percent of People with Each Score
Percentile by Number Answered
Your Score History
You have not taken this quiz